CODE OF PRACTICES FOR LAYING OF GLAZED STONEWARE PIPES (Record no. 652044)

MARC details
000 -LEADER
fixed length control field 00361pam a2200157a 44500
008 - FIXED-LENGTH DATA ELEMENTS--GENERAL INFORMATION
fixed length control field 230515b1984 xxu||||| |||| 00| 0 eng d
020 ## - INTERNATIONAL STANDARD BOOK NUMBER
International Standard Book Number NULL
041 ## - LANGUAGE CODE
Language code of text/sound track or separate title ENGLISH
082 ## - DEWEY DECIMAL CLASSIFICATION NUMBER
Classification number NUL
100 ## - MAIN ENTRY--PERSONAL NAME
Personal name 4127-1983
245 ## - TITLE STATEMENT
Title CODE OF PRACTICES FOR LAYING OF GLAZED STONEWARE PIPES
250 ## - EDITION STATEMENT
Edition statement 1984
260 ## - PUBLICATION, DISTRIBUTION, ETC.
Place of publication, distribution, etc.
Name of publisher, distributor, etc. ISI
Date of publication, distribution, etc. 1984
300 ## - PHYSICAL DESCRIPTION
Extent 21
650 ## - SUBJECT ADDED ENTRY--TOPICAL TERM
Topical term or geographic name entry element NULL
Holdings
Withdrawn status Lost status Damaged status Not for loan Home library Current library Shelving location Date acquired Source of acquisition Cost, normal purchase price Total Checkouts Full call number Barcode Date last seen Price effective from Koha item type
        College of Engineering, Pune College of Engineering, Pune   28/02/2008 INDIAN INSTITUTE OF ENGINEERS 35.00   NUL ECP-ISI-511 28/06/2023 28/06/2023 Book